000 00447 a2200181 4500
001 066901
003 OSt
005 20211021164601.0
008
082 _a330.015195
_bG94B
100 1 _aGujarati, Damodar N.
245 1 _aBasic econometrics
_cby Damodar N. Gujarati
250 _a4th ed.
260 _aNew Delhi
_bTata McGraw Hill
_c2007
300 _a1036p.
690 _aEconometrics
942 _2ddc
_cBK
999 _c894
_d894